Mots de 12 lettres par définition - Statistiques

Statistiques générales
  • Ce quiz a été pris 172 fois
  • Le résultat moyen est 10 sur 15
Statistiques - réponses
Genre Définition Mot % Correct
Nom Masculin Action de changer de domicile. Déménagement
97%
Nom Féminin Magasin où l'on vend du poisson, des fruits de mer, des crustacés. Poissonnerie
95%
Nom Masculin Dispositif destiné à protéger les bâtiments des effets de la foudre. Paratonnerre
87%
Nom & Adjectif Se dit d'une personne qui possède un capital ou des revenus d'au moins un milliard d'une unité monétaire donnée. Milliardaire
86%
Nom Bailleur d'immeuble, par opposition au locataire. Propriétaire
86%
Nom Féminin Cérémonie, acte par lequel on procède officiellement à l'installation, à la mise en service d'un monument, d'un édifice, d'une construction, etc. Inauguration
80%
Nom Féminin Retour de la mort à la vie. Résurrection
73%
Nom Masculin Flacon de toilette muni d'un dispositif permettant de vaporiser un liquide, en particulier du parfum. Vaporisateur
73%
Nom Collectionneur de timbres-poste. Philatéliste
71%
Nom Féminin Produits de boulangerie fabriqués avec une pâte fermentée pouvant contenir du sucre, du lait, des matières grasses et des œufs (pains au lait, aux raisins, croissants, etc.). Viennoiserie
68%
Nom Féminin Changement d'un être en un autre, transformation totale d'un être au point qu'il n'est plus reconnaissable. Métamorphose
53%
Nom Féminin Jointure entre deux os, chez l'homme et les vertébrés. Articulation
51%
Nom Masculin Théorie politique qui affirme la prédominance de l'intérêt national par rapport aux intérêts des classes et des groupes qui constituent la nation ou par rapport aux autres nations de la communauté internationale. Nationalisme
45%
Nom Féminin Prix d'un travail fourni, d'un service rendu. Rémunération
45%
Nom Féminin Tuyauterie utilisée pour l'eau, l'air, le gaz, les produits pétroliers, etc. Canalisation
30%
Aucun quiz correspondant
Distribution des résultats
% des personnes avec chaque résultat
Percentile par nombre de réponses
Votre historique - résultats
Vous n’avez pas pris ce quiz